000 00290nam a22001217a 4500
999 _c152806
_d152806
082 _a
_b
100 _aMontgomery Martin
245 _aIndian historical researches (v.28)/
_cby Montgomery Martin.
260 _aNew Delhi:
_bCosmo,
_c1838.
300 _a1019p.
650 _a
942 _cBK